[Event "26th Klatovy A 2018"]
[Site "Klatovy CZE"]
[Date "2018.07.05"]
[Round "6.26"]
[White "Hlavina, Matous"]
[Black "Vevera, Radek"]
[Result "1/2-1/2"]
[WhiteElo "1776"]
[BlackElo "2064"]
[PlyCount "43"]
[EventDate "2018.06.30"]
[EventType "swiss"]
[EventRounds "9"]
[EventCountry "CZE"]

1. e4 c6 2. d4 d5 3. exd5 cxd5 4. c3 Nf6 5. Bd3 Nc6 6. Bf4 Bg4 7. Qb3 Qc8 8. Nd2 e6 9. Ngf3 Be7 10. O-O O-O 11. Rfe1 Bh5 12. Ne5 Nxe5 13. Bxe5 Qd7 14. Bb5 Qd8 15. Bd3 Bd6 16. Qc2 Bg6 17. Nf3 Bxd3 18. Qxd3 Ne4 19. Nd2 Bxe5 20. dxe5 Nc5 21. Qe3 Qc7 22. c4 1/2-1/2

[Event "26th Klatovy A 2018"]
[Site "Klatovy CZE"]
[Date "2018.07.05"]
[Round "6.28"]
[White "Kunc, Jan"]
[Black "Brejnik, Gustav"]
[Result "1/2-1/2"]
[WhiteElo "1947"]
[BlackElo "2120"]
[PlyCount "59"]
[EventDate "2018.06.30"]
[EventType "swiss"]
[EventRounds "9"]
[EventCountry "CZE"]

1. e4 c6 2. d4 d5 3. exd5 cxd5 4. Bd3 Nc6 5. c3 Nf6 6. Bf4 Bg4 7. Qb3 Qc8 8. Nd2 e6 9. Ngf3 Be7 10. O-O O-O 11. h3 Bh5 12. Ne5 Nxe5 13. dxe5 Nd7 14. Qc2 Bg6 15. Bxg6 hxg6 16. Nf3 Qc4 17. Qd2 Rfc8 18. Rfe1 b5 19. Bg5 Bf8 20. Re3 Qc7 21. Qe2 a6 22. Nd4 Bc5 23. Rd1 Nf8 24. h4 b4 25. h5 Bxd4 26. Rxd4 bxc3 27. bxc3 Rab8 28. hxg6 Rb1+ 29. Rd1 Rxd1+ 30. Qxd1 1/2-1/2

[Event "26th Klatovy A 2018"]
[Site "Klatovy CZE"]
[Date "2018.07.05"]
[Round "6.29"]
[White "Strnad, Jakub"]
[Black "Hacaperka, Michal"]
[Result "1/2-1/2"]
[WhiteElo "2055"]
[BlackElo "1890"]
[PlyCount "100"]
[EventDate "2018.06.30"]
[EventType "swiss"]
[EventRounds "9"]
[EventCountry "CZE"]

1. e4 c5 2. Nf3 d6 3. d4 cxd4 4. Nxd4 Nf6 5. Nc3 a6 6. Be2 e5 7. Nb3 Be7 8. O-O O-O 9. Be3 Be6 10. Qd3 Nbd7 11. Nd5 Bxd5 12. exd5 Rc8 13. c4 Re8 14. Nd2 Nc5 15. Qa3 a5 16. Rab1 b6 17. b4 axb4 18. Rxb4 Ra8 19. Qb2 Nfd7 20. Qc2 Ra3 21. Nb1 Ra6 22. Nc3 g6 23. Nb5 f5 24. f4 exf4 25. Bxf4 Ne5 26. Nd4 Bg5 27. Bxe5 dxe5 28. Nc6 Be3+ 29. Kh1 Qh4 30. g3 Qh6 31. Rb2 Ne4 32. Kg2 Ng5 33. Qd1 Qh3+ 34. Kh1 Ne4 35. Qe1 f4 36. Rf3 fxg3 37. Bf1 Bf2 38. Bxh3 Bxe1 39. Be6+ Kg7 40. Re2 Ng5 41. Rfe3 Bf2 42. Rxe5 Nxe6 43. Rxe6 Rxe6 44. dxe6 Ra8 45. e7 Re8 46. Kg2 Kf6 47. hxg3 Bc5 48. Kf3 Bxe7 49. Nxe7 Rxe7 50. Rb2 Re6 1/2-1/2

[Event "26th Klatovy A 2018"]
[Site "Klatovy CZE"]
[Date "2018.07.05"]
[Round "6.30"]
[White "Hlozek, David"]
[Black "Stolc, Martin"]
[Result "1/2-1/2"]
[WhiteElo "1852"]
[BlackElo "2043"]
[PlyCount "51"]
[EventDate "2018.06.30"]
[EventType "swiss"]
[EventRounds "9"]
[EventCountry "CZE"]

1. e4 b6 2. d4 Bb7 3. Bd3 e6 4. c4 Nf6 5. Nc3 Bb4 6. Qe2 d5 7. cxd5 O-O 8. Bd2 exd5 9. e5 Bxc3 10. bxc3 Ne4 11. Nf3 c5 12. O-O Nc6 13. Rac1 Nxd2 14. Qxd2 f6 15. Rfe1 c4 16. Bb1 b5 17. Re2 Bc8 18. h3 a5 19. exf6 Qxf6 20. Ng5 g6 21. Rce1 b4 22. Ne6 bxc3 23. Qh6 Bxe6 24. Rxe6 Qxf2+ 25. Kh1 c2 26. Rxg6+ 1/2-1/2

[Event "26th Klatovy A 2018"]
[Site "Klatovy CZE"]
[Date "2018.07.05"]
[Round "6.31"]
[White "Bartos, Karel"]
[Black "Cmiko, Jakub"]
[Result "0-1"]
[WhiteElo "1823"]
[BlackElo "2015"]
[PlyCount "76"]
[EventDate "2018.06.30"]
[EventType "swiss"]
[EventRounds "9"]
[EventCountry "CZE"]

1. e4 e5 2. Nf3 Nc6 3. Nc3 Nf6 4. Bb5 Bb4 5. O-O d6 6. d3 Bxc3 7. bxc3 Bd7 8. Bg5 h6 9. Bc1 O-O 10. Re1 Ne7 11. Bc4 b5 12. Bb3 c5 13. a4 bxa4 14. Bc4 Qc7 15. Nh4 Kh7 16. Qf3 Bg4 17. Qg3 Qd7 18. h3 Be6 19. Bxe6 fxe6 20. Bd2 Rab8 21. Ra2 Rb6 22. Rea1 Rfb8 23. Rxa4 Rb1+ 24. Kh2 Rxa1 25. Rxa1 Rb2 26. Rc1 Qa4 27. Qe3 Rxc2 28. Rxc2 Qxc2 29. g4 g5 30. Nf3 Ng6 31. Nxg5+ hxg5 32. Qxg5 Kg7 33. h4 Qxd3 34. h5 Qxe4 35. Qh6+ Kf7 36. hxg6+ Qxg6 37. Qh8 Nxg4+ 38. Kg1 Ne3+ 0-1

[Event "26th Klatovy A 2018"]
[Site "Klatovy CZE"]
[Date "2018.07.05"]
[Round "6.32"]
[White "Richter, Martin1"]
[Black "Novy, Daniel"]
[Result "1/2-1/2"]
[WhiteElo "2009"]
[BlackElo "1941"]
[PlyCount "39"]
[EventDate "2018.06.30"]
[EventType "swiss"]
[EventRounds "9"]
[EventCountry "CZE"]

1. e4 c5 2. Nc3 Nc6 3. f4 g6 4. Nf3 Bg7 5. Bb5 Nd4 6. Bc4 a6 7. a4 d6 8. O-O Nf6 9. h3 O-O 10. d3 e6 11. Be3 d5 12. e5 Nd7 13. Bxd5 exd5 14. Nxd4 cxd4 15. Bxd4 Nb8 16. Qf3 Be6 17. a5 Re8 18. Na4 Nc6 19. Bb6 Qd7 20. Bc5 1/2-1/2

[Event "26th Klatovy A 2018"]
[Site "Klatovy CZE"]
[Date "2018.07.05"]
[Round "6.33"]
[White "Kovar, Petr"]
[Black "Nagy, Ladislav1"]
[Result "1/2-1/2"]
[WhiteElo "1911"]
[BlackElo "1996"]
[PlyCount "84"]
[EventDate "2018.06.30"]
[EventType "swiss"]
[EventRounds "9"]
[EventCountry "CZE"]

1. c4 e5 2. Nc3 Nc6 3. g3 g6 4. Bg2 Bg7 5. e3 d6 6. Nge2 f5 7. d4 Nf6 8. O-O O-O 9. Nd5 Ne7 10. Nxe7+ Qxe7 11. Qc2 c6 12. b3 Nh5 13. f4 e4 14. Nc3 Be6 15. Bb2 c5 16. dxc5 dxc5 17. Rad1 Rfd8 18. Rf2 Rxd1+ 19. Qxd1 Rd8 20. Rd2 Rxd2 21. Qxd2 Qd7 22. Qxd7 Bxd7 23. Bf1 Nf6 24. Nd1 Ne8 25. Bxg7 Kxg7 26. Kf2 Kf6 27. h4 h6 28. Be2 Nc7 29. Nc3 Bc6 30. Ke1 Na6 31. Kd2 b6 32. Bf1 Nc7 33. Be2 Ne6 34. a3 g5 35. hxg5+ hxg5 36. b4 cxb4 37. axb4 g4 38. Bd1 Ng7 39. Ne2 Ke6 40. Kc3 Kd6 41. Kd4 Ne6+ 42. Kc3 Ng7 1/2-1/2

[Event "26th Klatovy A 2018"]
[Site "Klatovy CZE"]
[Date "2018.07.05"]
[Round "6.34"]
[White "Brunova, Blanka"]
[Black "Vartazaryan, Gor"]
[Result "1/2-1/2"]
[WhiteElo "1994"]
[BlackElo "1775"]
[PlyCount "22"]
[EventDate "2018.06.30"]
[EventType "swiss"]
[EventRounds "9"]
[EventCountry "CZE"]

1. e4 c5 2. Nf3 d6 3. d4 cxd4 4. Nxd4 Nf6 5. Nc3 a6 6. Bc4 e6 7. O-O Be7 8. Be3 Qc7 9. Qe2 O-O 10. Rad1 Nc6 11. f4 Rd8 1/2-1/2

[Event "26th Klatovy A 2018"]
[Site "Klatovy CZE"]
[Date "2018.07.05"]
[Round "6.35"]
[White "Bartonicek, Zdenek"]
[Black "Flajsman, Pavel"]
[Result "1/2-1/2"]
[WhiteElo "1987"]
[BlackElo "1828"]
[PlyCount "145"]
[EventDate "2018.06.30"]
[EventType "swiss"]
[EventRounds "9"]
[EventCountry "CZE"]

1. e4 c6 2. d4 d5 3. Nc3 dxe4 4. Nxe4 Bf5 5. Ng5 Nf6 6. Ne2 h6 7. Nf3 Nbd7 8. Nf4 e6 9. Bd3 Bxd3 10. Qxd3 Bd6 11. Qb3 Qb6 12. O-O Qxb3 13. axb3 O-O 14. Nd3 Rfe8 15. Re1 c5 16. dxc5 Nxc5 17. Nxc5 Bxc5 18. Ne5 Red8 19. Nd3 Bb6 20. Be3 Bxe3 21. Rxe3 Rac8 22. Re2 g6 23. f3 a6 24. Ra4 Kg7 25. Kf2 Rc7 26. Rc4 Rxc4 27. bxc4 Nd7 28. Ke3 Kf6 29. f4 Rc8 30. Kd4 Rd8 31. Kc3 Ke7 32. b4 Rc8 33. Kb3 Rc7 34. c3 h5 35. c5 Rc8 36. c4 Rc7 37. h3 Kf6 38. g4 hxg4 39. hxg4 Ke7 40. g5 Rc8 41. Rh2 a5 42. Ra2 axb4 43. Kxb4 Rc7 44. Kb5 f6 45. Rh2 fxg5 46. fxg5 e5 47. Kb4 Ke6 48. Rf2 Ke7 49. Rf1 Ke6 50. Rf2 Ke7 51. Re2 Ke6 52. Nf4+ Kf5 53. Nd5 Rxc5 54. Rf2+ Ke6 55. Nf6 Rc6 56. Nxd7 Kxd7 57. Rf7+ Kc8 58. Re7 e4 59. Rxe4 Kd7 60. Rf4 Rb6+ 61. Kc5 Rc6+ 62. Kb5 Ke7 63. c5 Re6 64. Rh4 Kd7 65. Rh7+ Kc8 66. Rg7 Kb8 67. Kc4 Kc8 68. Kd5 Rc6 69. Rf7 Ra6 70. Re7 Rc6 71. Re6 Kd7 72. Re5 b6 73. cxb6 1/2-1/2

[Event "26th Klatovy A 2018"]
[Site "Klatovy CZE"]
[Date "2018.07.05"]
[Round "6.36"]
[White "Svanda, Adam"]
[Black "Neuendorf, Max"]
[Result "0-1"]
[WhiteElo "1814"]
[BlackElo "1981"]
[PlyCount "86"]
[EventDate "2018.06.30"]
[EventType "swiss"]
[EventRounds "9"]
[EventCountry "CZE"]

1. e4 c5 2. Nf3 Nc6 3. d4 cxd4 4. Nxd4 e5 5. Nb5 d6 6. N1c3 a6 7. Na3 Be7 8. Be3 Nf6 9. Nd5 Nxd5 10. exd5 Nb8 11. Be2 O-O 12. O-O Nd7 13. c4 f5 14. f4 exf4 15. Bxf4 Qb6+ 16. Kh1 Qxb2 17. Nc2 Qb6 18. Rb1 Qd8 19. Nd4 Nc5 20. Bf3 Ra7 21. Re1 Bg5 22. Bxg5 Qxg5 23. Rb6 Qd8 24. Rb2 Bd7 25. Rbe2 b5 26. cxb5 Bxb5 27. Nxb5 axb5 28. Qb1 Rb7 29. Rb2 Qd7 30. Rb4 g6 31. Re2 Re8 32. Rxe8+ Qxe8 33. h3 Nd3 34. Rb3 Nc5 35. Rb4 Re7 36. Kh2 Re1 37. Qc2 Qe5+ 38. g3 Qe3 39. Qg2 Nd3 40. Rb3 Qd4 41. Be2 Nc1 42. Bxb5 Nxb3 43. axb3 Rd1 0-1

[Event "26th Klatovy A 2018"]
[Site "Klatovy CZE"]
[Date "2018.07.05"]
[Round "6.37"]
[White "Odehnal, Jaroslav"]
[Black "Lhotsky, Zdenek"]
[Result "1/2-1/2"]
[WhiteElo "1974"]
[BlackElo "1825"]
[PlyCount "51"]
[EventDate "2018.06.30"]
[EventType "swiss"]
[EventRounds "9"]
[EventCountry "CZE"]

1. d4 Nf6 2. Nf3 c5 3. g3 e6 4. Bg2 Nc6 5. c3 Be7 6. O-O cxd4 7. Nxd4 O-O 8. Qb3 e5 9. Nf5 Bc5 10. Be3 d6 11. Bxc5 dxc5 12. Ne3 Qc7 13. Nd2 Be6 14. Qb5 Nd7 15. Ne4 a6 16. Qd3 h6 17. Nd5 Qa5 18. c4 b5 19. Nd2 Rac8 20. Nb3 f5 21. a4 Nb4 22. e4 f4 23. gxf4 exf4 24. Bh3 Rce8 25. Bxe6+ Rxe6 26. Nxf4 1/2-1/2

[Event "26th Klatovy A 2018"]
[Site "Klatovy CZE"]
[Date "2018.07.05"]
[Round "6.38"]
[White "Hulin, Petr"]
[Black "Kantor, Jozef"]
[Result "1/2-1/2"]
[WhiteElo "2090"]
[BlackElo "1813"]
[PlyCount "89"]
[EventDate "2018.06.30"]
[EventType "swiss"]
[EventRounds "9"]
[EventCountry "CZE"]

1. d4 Nf6 2. Nf3 e6 3. e3 c5 4. Bd3 d5 5. c3 Nc6 6. Nbd2 Be7 7. O-O O-O 8. dxc5 Bxc5 9. e4 e5 10. exd5 Nxd5 11. Ne4 Be7 12. a3 Bg4 13. Bc4 Nf4 14. Bxf4 exf4 15. Qxd8 Raxd8 16. Ned2 Na5 17. Ba2 Bf6 18. Rfe1 Nc6 19. h3 Bh5 20. Ne4 Bxf3 21. gxf3 Ne5 22. Kg2 Ng6 23. Nxf6+ gxf6 24. Kf1 Ne5 25. Rad1 Nxf3 26. Rxd8 Rxd8 27. Re7 Ne5 28. Rxb7 f3 29. Kg1 Rd1+ 30. Kh2 Rd2 31. Kg3 a5 32. Rb5 Kg7 33. Bd5 h5 34. b4 axb4 35. cxb4 h4+ 36. Kxh4 Rxf2 37. Kg3 Rd2 38. a4 f2 39. Bg2 Kg6 40. a5 Ra2 41. Bf1 Nc6 42. Rb6 Nd4 43. a6 Nf5+ 44. Kf3 Nd4+ 45. Ke3 1/2-1/2

[Event "26th Klatovy A 2018"]
[Site "Klatovy CZE"]
[Date "2018.07.05"]
[Round "6.39"]
[White "Skopec, Lubos"]
[Black "Kaspar, Lukas"]
[Result "0-1"]
[WhiteElo "1981"]
[BlackElo "1799"]
[PlyCount "60"]
[EventDate "2018.06.30"]
[EventType "swiss"]
[EventRounds "9"]
[EventCountry "CZE"]

1. e4 e6 2. d4 d5 3. Nc3 Nf6 4. e5 Nfd7 5. f4 c5 6. Nf3 Nc6 7. Be3 Qb6 8. Na4 Qa5+ 9. c3 cxd4 10. b4 Qc7 11. Nxd4 g5 12. Nxe6 fxe6 13. Qh5+ Kd8 14. Qxg5+ Ne7 15. Rd1 h6 16. Qh4 b6 17. Bb5 Bb7 18. O-O Bc6 19. c4 dxc4 20. Nc3 Kc8 21. Ba6+ Kb8 22. Rd6 Nf5 23. Rxe6 Bxb4 24. Qe1 Nxe3 25. Qxe3 Bc5 26. Qxc5 Nxc5 27. Rxc6 Qxc6 28. Bb5 Qe6 29. Rd1 a6 30. Rd6 Qxd6 0-1

[Event "26th Klatovy A 2018"]
[Site "Klatovy CZE"]
[Date "2018.07.05"]
[Round "6.40"]
[White "Ondrejat, Miroslav"]
[Black "Novak, Vaclav2"]
[Result "1-0"]
[WhiteElo "1948"]
[BlackElo "1778"]
[PlyCount "87"]
[EventDate "2018.06.30"]
[EventType "swiss"]
[EventRounds "9"]
[EventCountry "CZE"]

1. Nf3 d5 2. b3 Nf6 3. Bb2 g6 4. c4 c6 5. e3 Bg7 6. Be2 O-O 7. O-O Bg4 8. h3 Bxf3 9. Bxf3 e6 10. d3 Nbd7 11. Qc2 Rc8 12. Nd2 Re8 13. Rac1 h6 14. d4 b6 15. e4 dxe4 16. Nxe4 Nxe4 17. Qxe4 c5 18. Rcd1 Qc7 19. Qb1 Rcd8 20. dxc5 Nxc5 21. Bxg7 Kxg7 22. b4 Nd7 23. Qb3 Ne5 24. Be2 Rxd1 25. Rxd1 Rd8 26. Rxd8 Qxd8 27. Qc3 f6 28. c5 Qc7 29. Bb5 Kf7 30. f4 Nd7 31. Bxd7 Qxd7 32. c6 Qc7 33. b5 g5 34. fxg5 hxg5 35. Qc2 f5 36. a4 Kf6 37. Qc3+ e5 38. Qc4 e4 39. Qd4+ Ke6 40. Kf2 g4 41. hxg4 Qf4+ 42. Kg1 Qg3 43. gxf5+ Kxf5 44. Qf2+ 1-0

[Event "26th Klatovy A 2018"]
[Site "Klatovy CZE"]
[Date "2018.07.05"]
[Round "6.41"]
[White "Cecil, Pavel"]
[Black "Lhotska, Anna"]
[Result "1/2-1/2"]
[WhiteElo "1924"]
[BlackElo "1689"]
[PlyCount "79"]
[EventDate "2018.06.30"]
[EventType "swiss"]
[EventRounds "9"]
[EventCountry "CZE"]

1. Nf3 Nf6 2. g3 d5 3. Bg2 c5 4. d3 Nc6 5. O-O e6 6. c3 Be7 7. Nbd2 O-O 8. e4 Qc7 9. Re1 b6 10. e5 Nd7 11. Qe2 Ba6 12. b3 Rac8 13. Bb2 Rfd8 14. Rac1 Qb8 15. a3 d4 16. cxd4 cxd4 17. b4 Bb5 18. Nb3 a5 19. Nbxd4 Nxd4 20. Nxd4 Ba4 21. Bc6 b5 22. bxa5 Nc5 23. Be4 Rc7 24. Nc6 Rxc6 25. Bxc6 Nxd3 26. a6 Nxe1 27. Qxe1 Qb6 28. Bb7 Bc5 29. Bc3 Qa7 30. Bb4 Bd4 31. Ba5 Re8 32. Kg2 Bb3 33. Rc7 Bb6 34. Bxb6 Qxb6 35. Rd7 Bd5+ 36. Bxd5 exd5 37. Qb4 Qxa6 38. Qe7 Qe6 39. Qxe6 fxe6 40. Rb7 1/2-1/2

[Event "26th Klatovy A 2018"]
[Site "Klatovy CZE"]
[Date "2018.07.05"]
[Round "6.42"]
[White "Vilimova, Julie"]
[Black "Cekan, Petr1"]
[Result "1/2-1/2"]
[WhiteElo "1826"]
[BlackElo "1966"]
[PlyCount "22"]
[EventDate "2018.06.30"]
[EventType "swiss"]
[EventRounds "9"]
[EventCountry "CZE"]

1. d4 Nf6 2. c4 g6 3. Nc3 Bg7 4. e4 d6 5. f3 O-O 6. Be3 c5 7. d5 Na6 8. Qd2 Re8 9. Bh6 Bh8 10. h4 Nh5 11. Nge2 Be5 1/2-1/2

[Event "26th Klatovy A 2018"]
[Site "Klatovy CZE"]
[Date "2018.07.05"]
[Round "6.43"]
[White "Novak, Martin"]
[Black "Pavlicek, Lukas"]
[Result "1-0"]
[WhiteElo "1945"]
[BlackElo "1819"]
[PlyCount "95"]
[EventDate "2018.06.30"]
[EventType "swiss"]
[EventRounds "9"]
[EventCountry "CZE"]

1. e4 c5 2. Nf3 d6 3. d4 cxd4 4. Nxd4 Nf6 5. Nc3 a6 6. f3 e5 7. Nb3 Be6 8. Be3 Be7 9. Qd2 Nbd7 10. O-O-O O-O 11. g4 b5 12. g5 b4 13. Ne2 Ne8 14. f4 f5 15. fxe5 dxe5 16. Bh3 Nd6 17. Bxf5 Nxf5 18. exf5 Rxf5 19. h4 Rf3 20. Ned4 exd4 21. Nxd4 Rxe3 22. Qxe3 Bd5 23. Ne6 Qa5 24. Rxd5 Qxd5 25. Rd1 Qe5 26. Qb3 Kh8 27. Rxd7 Qe1+ 28. Rd1 Qxh4 29. Qd5 Re8 30. Rh1 Qg3 31. Qf5 Bxg5+ 32. Qxg5 Qxg5+ 33. Nxg5 h6 34. Kd2 Kg8 35. Nf3 Kf7 36. Rh4 a5 37. Rh5 Ra8 38. Ke3 Rc8 39. Nd4 Rb8 40. Rxa5 g5 41. Rb5 Re8+ 42. Kf2 Re4 43. Rxb4 Rf4+ 44. Kg3 h5 45. Rb7+ Kf6 46. Rb6+ Ke5 47. Nf3+ Kd5 48. Rb5+ 1-0

[Event "26th Klatovy A 2018"]
[Site "Klatovy CZE"]
[Date "2018.07.05"]
[Round "6.44"]
[White "Kubat, Martin"]
[Black "Paldus, Jan"]
[Result "0-1"]
[WhiteElo "1881"]
[BlackElo "1778"]
[PlyCount "52"]
[EventDate "2018.06.30"]
[EventType "swiss"]
[EventRounds "9"]
[EventCountry "CZE"]

1. e4 d5 2. exd5 Qxd5 3. Nc3 Qa5 4. d4 c6 5. Nf3 Nf6 6. Be2 Bg4 7. h3 Bh5 8. O-O e6 9. Bf4 Nbd7 10. a3 Be7 11. Qd2 O-O 12. Rad1 Rfe8 13. Rfe1 h6 14. b4 Qd8 15. Na4 b5 16. Nc5 Nxc5 17. dxc5 Qxd2 18. Rxd2 Nd5 19. Bh2 Bf6 20. Nd4 Bxe2 21. Rexe2 Bxd4 22. Rxd4 a5 23. Re1 axb4 24. axb4 Ra4 25. Rb1 Nc3 26. Re1 Ne2+ 0-1

[Event "26th Klatovy A 2018"]
[Site "Klatovy CZE"]
[Date "2018.07.05"]
[Round "6.45"]
[White "Skypala, Ondrej"]
[Black "Nechutny, Michal"]
[Result "1/2-1/2"]
[WhiteElo "1852"]
[BlackElo "1746"]
[PlyCount "48"]
[EventDate "2018.06.30"]
[EventType "swiss"]
[EventRounds "9"]
[EventCountry "CZE"]

1. e4 d5 2. exd5 Nf6 3. c4 c6 4. Nc3 cxd5 5. d4 Nc6 6. Nf3 e6 7. Bg5 Be7 8. cxd5 Nxd5 9. Bxe7 Qxe7 10. Nxd5 exd5+ 11. Be2 Qb4+ 12. Qd2 Qxd2+ 13. Kxd2 O-O 14. Rac1 Bg4 15. Ne5 Nxe5 16. dxe5 Bxe2 17. Kxe2 Rae8 18. Kd3 Rxe5 19. Rc7 Rc8 20. Rhc1 Kf8 21. Rd7 Re7 22. Rcc7 Rxd7 23. Rxd7 Ke8 24. Rxd5 Ke7 1/2-1/2

[Event "26th Klatovy A 2018"]
[Site "Klatovy CZE"]
[Date "2018.07.06"]
[Round "7.4"]
[White "Vyprachticky, David"]
[Black "Straka, Vojtech"]
[Result "1/2-1/2"]
[WhiteElo "2301"]
[BlackElo "2379"]
[PlyCount "143"]
[EventDate "2018.06.30"]
[EventType "swiss"]
[EventRounds "9"]
[EventCountry "CZE"]

1. d4 Nf6 2. Nf3 e6 3. c4 c5 4. Nc3 d5 5. cxd5 Nxd5 6. e4 Nxc3 7. bxc3 cxd4 8. cxd4 Bb4+ 9. Bd2 Bxd2+ 10. Qxd2 O-O 11. Rc1 Nc6 12. Be2 Qb6 13. O-O Rd8 14. Rc4 Bd7 15. Bd3 Qa5 16. Qb2 Be8 17. Rfc1 Rab8 18. R1c3 Qh5 19. Rc5 Qh6 20. d5 exd5 21. exd5 Ne7 22. R3c4 Rxd5 23. Rxd5 Nxd5 24. Rh4 Qf6 25. Bxh7+ Kf8 26. Qa3+ Qe7 27. Qxa7 Rc8 28. g3 g6 29. Qd4 Nf6 30. Rf4 Kg7 31. g4 Kxh7 32. Rxf6 Rc1+ 33. Kg2 Bc6 34. Qf4 Bxf3+ 35. Qxf3 Rc7 36. Qf4 Kg8 37. Rd6 Rd7 38. Rd4 Rxd4 39. Qxd4 g5 40. Qd5 Kg7 41. a4 f6 42. a5 Qc7 43. h3 Qe7 44. h4 gxh4 45. Kh3 Qc7 46. Qf5 Qc6 47. Kxh4 Qg2 48. Qf4 Qh1+ 49. Kg3 Qg1+ 50. Kf3 Qd1+ 51. Kg2 Qd5+ 52. Qf3 Qxa5 53. Qxb7+ Kf8 54. Qf3 Kg7 55. Qe3 Qd5+ 56. f3 Kf7 57. Qf4 Qc5 58. Qe4 Kg7 59. f4 Qd6 60. Kg3 Qc5 61. Kg2 Qd6 62. Kh3 Qc5 63. Qe6 Qc7 64. Qe4 Qc5 65. Qb7+ Kf8 66. Qe4 Kg7 67. f5 Qc3+ 68. Kh4 Qc7 69. Kh3 Qc3+ 70. Kg2 Qd2+ 71. Kg3 Qc3+ 72. Kg2 1/2-1/2

[Event "26th Klatovy A 2018"]
[Site "Klatovy CZE"]
[Date "2018.07.06"]
[Round "7.5"]
[White "Hollan, Martin"]
[Black "Slovak, Kilian"]
[Result "1/2-1/2"]
[WhiteElo "2341"]
[BlackElo "2285"]
[PlyCount "52"]
[EventDate "2018.06.30"]
[EventType "swiss"]
[EventRounds "9"]
[EventCountry "CZE"]

1. d4 Nf6 2. c4 g6 3. Nc3 Bg7 4. e4 d6 5. Nf3 O-O 6. h3 e5 7. d5 Nh5 8. g3 a5 9. Be2 Na6 10. Bg5 Qe8 11. Nh4 Nf6 12. Qd2 Nc5 13. Bf3 Bd7 14. g4 b5 15. cxb5 Bxb5 16. Rg1 Kh8 17. O-O-O Rb8 18. Qc2 Bc4 19. Ng2 Rb4 20. h4 Qb8 21. h5 h6 22. Be3 Nfd7 23. g5 Bb3 24. Qe2 Bc4 25. Qc2 Bb3 26. Qe2 Bc4 1/2-1/2

[Event "26th Klatovy A 2018"]
[Site "Klatovy CZE"]
[Date "2018.07.06"]
[Round "7.6"]
[White "Parizek, Vojtech"]
[Black "Simet, Martin"]
[Result "1-0"]
[WhiteElo "2242"]
[BlackElo "2182"]
[PlyCount "55"]
[EventDate "2018.06.30"]
[EventType "swiss"]
[EventRounds "9"]
[EventCountry "CZE"]

1. e4 e5 2. Nf3 d6 3. d4 exd4 4. Nxd4 Nf6 5. Nc3 Be7 6. Be2 O-O 7. O-O Re8 8. f4 Bf8 9. Bf3 c5 10. Nde2 Nc6 11. Kh1 Bd7 12. Be3 b5 13. Ng3 Rb8 14. Nd5 Nxd5 15. Qxd5 Na5 16. b3 Bc6 17. Qh5 d5 18. exd5 g6 19. Qg5 Be7 20. Qg4 Bd7 21. f5 h5 22. Qh3 Bf6 23. Rae1 h4 24. Bg4 Qc8 25. fxg6 Bxg4 26. gxf7+ Kf8 27. fxe8=Q+ Kxe8 28. Bg5+ 1-0

[Event "26th Klatovy A 2018"]
[Site "Klatovy CZE"]
[Date "2018.07.07"]
[Round "7.7"]
[White "Simek, Petr1"]
[Black "Eret, Matous"]
[Result "1-0"]
[WhiteElo "2354"]
[BlackElo "2184"]
[PlyCount "99"]
[EventDate "2018.06.30"]
[EventType "swiss"]
[EventRounds "9"]
[EventCountry "CZE"]

1. d4 c5 2. d5 e5 3. e4 d6 4. Nc3 Nf6 5. Bb5+ Nbd7 6. a4 a6 7. Bd3 b6 8. Nf3 g6 9. h3 Bg7 10. Be3 Qc7 11. Qe2 Nh5 12. g3 O-O 13. Nh4 Ndf6 14. Kf1 Bb7 15. Kg1 Rfc8 16. Bc4 Qe7 17. Kh2 h6 18. Rhg1 Re8 19. Rae1 Bc8 20. Bd2 Qd7 21. Qf1 Nh7 22. Be2 N5f6 23. Nf3 Rf8 24. Rb1 Ne8 25. g4 Nc7 26. b4 Kh8 27. bxc5 bxc5 28. Rb6 Qe7 29. Qc1 g5 30. Be3 Nf6 31. Nd2 Nd7 32. Rb3 Rd8 33. Nc4 Nf8 34. Rb6 Ne8 35. Bd1 Ng6 36. Ne2 Nf4 37. Ng3 Nf6 38. Bf3 h5 39. Bxf4 gxf4 40. Nf5 Bxf5 41. gxf5 Bh6 42. Qb2 Rg8 43. Rxd6 Rxg1 44. Kxg1 Rg8+ 45. Kf1 Bg7 46. Qxe5 Qxe5 47. Nxe5 Rf8 48. Rd8 Kg8 49. Rxf8+ Kxf8 50. Nd3 1-0

[Event "26th Klatovy A 2018"]
[Site "Klatovy CZE"]
[Date "2018.07.06"]
[Round "7.8"]
[White "Hurdzan, Tomas"]
[Black "Hausner, Ivan"]
[Result "1-0"]
[WhiteElo "2164"]
[BlackElo "2321"]
[PlyCount "59"]
[EventDate "2018.06.30"]
[EventType "swiss"]
[EventRounds "9"]
[EventCountry "CZE"]

1. e4 c5 2. Nf3 e6 3. d4 cxd4 4. Nxd4 Nf6 5. Nc3 d6 6. g4 h6 7. h4 a6 8. Rg1 g6 9. g5 hxg5 10. hxg5 Nfd7 11. Be3 Nc6 12. Qd2 Nde5 13. Be2 Rh3 14. f4 Nxd4 15. Bxd4 Nc6 16. Bf6 Be7 17. O-O-O Bxf6 18. gxf6 Qxf6 19. Qxd6 Qe7 20. Qd2 Bd7 21. Bf1 Rh4 22. e5 O-O-O 23. Qf2 Be8 24. Bg2 Rxd1+ 25. Rxd1 g5 26. Ne4 Rxf4 27. Qb6 Kb8 28. Nc5 Rb4 29. Nxa6+ Kc8 30. Nxb4 1-0

[Event "26th Klatovy A 2018"]
[Site "Klatovy CZE"]
[Date "2018.07.06"]
[Round "7.10"]
[White "Tscharotschkin, Michael"]
[Black "Vedral, Oldrich"]
[Result "1-0"]
[WhiteElo "2124"]
[BlackElo "2203"]
[PlyCount "65"]
[EventDate "2018.06.30"]
[EventType "swiss"]
[EventRounds "9"]
[EventCountry "CZE"]

1. d4 Nf6 2. c4 g6 3. Nc3 Bg7 4. e4 d6 5. Nf3 O-O 6. Be2 e5 7. O-O Nc6 8. d5 Ne7 9. Ne1 Nd7 10. f3 f5 11. Be3 f4 12. Bf2 g5 13. Nd3 Nf6 14. c5 Ng6 15. Rc1 Rf7 16. Qb3 g4 17. cxd6 cxd6 18. Nb5 g3 19. hxg3 fxg3 20. Bxg3 Nh5 21. Bh2 Bh6 22. f4 Nhxf4 23. Nxf4 Nxf4 24. Bxf4 Bxf4 25. Rxf4 Qb6+ 26. Kh2 exf4 27. e5 dxe5 28. d6 Kf8 29. Bh5 Rf6 30. Qd5 Qe3 31. Rc3 Be6 32. Qxb7 Qe1 33. Qe7+ 1-0

[Event "26th Klatovy A 2018"]
[Site "Klatovy CZE"]
[Date "2018.07.06"]
[Round "7.11"]
[White "Kotal, Vaclav"]
[Black "Toman, Ondrej"]
[Result "0-1"]
[WhiteElo "2101"]
[BlackElo "2197"]
[PlyCount "112"]
[EventDate "2018.06.30"]
[EventType "swiss"]
[EventRounds "9"]
[EventCountry "CZE"]

1. d4 Nf6 2. Nc3 e6 3. Nf3 d5 4. Bg5 h6 5. Bxf6 Qxf6 6. e4 c6 7. Bd3 Bb4 8. O-O O-O 9. e5 Qd8 10. Ne2 f5 11. exf6 Qxf6 12. Ne5 Nd7 13. c3 Bd6 14. f4 Bxe5 15. dxe5 Qe7 16. Bc2 Rf7 17. Qd3 Nf8 18. Rae1 Bd7 19. Kh1 Qh4 20. Qd4 b6 21. b4 Rc8 22. Qd2 c5 23. bxc5 bxc5 24. f5 exf5 25. Qxd5 Be6 26. Qd2 Rd8 27. Qe3 Ng6 28. Qxc5 Rd5 29. Qc6 Rxe5 30. Ng3 Qe7 31. Rb1 Nh4 32. Rb8+ Kh7 33. Re8 Qf6 34. Qd6 Nxg2 35. Bxf5+ Rxf5 36. Nxf5 Bxf5 37. Qxf6 Rxf6 38. Kxg2 Bh3+ 39. Kxh3 Rxf1 40. Re7 a5 41. Ra7 Rf5 42. Ra6 Rc5 43. Kg4 Rc4+ 44. Kf5 a4 45. Ke5 Rxc3 46. Rxa4 Rh3 47. Ra6 Rxh2 48. a4 h5 49. Kf4 g6 50. Kg5 Rg2+ 51. Kh4 Kh6 52. a5 Ra2 53. Kh3 Kg5 54. Ra8 Ra3+ 55. Kg2 Kg4 56. a6 Ra2+ 0-1